New Zealand Rugby All Blacks - Top Score against each opponent - Statistics

General Stats
  • This quiz has been taken 129 times
    83 since last reset
  • The average score is 10 of 19
Answer Stats
Score Opponent % Correct
145 Japan
97%
102 Tonga
78%
108 Portugal
73%
101 Italy
72%
101 Samoa
72%
91 Fiji
64%
93 Argentina
61%
54 Australia
58%
66 Ireland
55%
79 Canada
53%
69 Scotland
50%
57 South Africa
50%
85 Romania
48%
74 USA
47%
64 England
45%
62 France
42%
55 Wales
38%
58 Namibia
25%
54 World XV
8%
No matching quizzes found
Score Distribution
Percent of People with Each Score
Percentile by Number Answered
Your Score History
You have not taken this quiz since the last reset